[Event "GEO-ch 83rd"]
[Site "Tbilisi"]
[Date "2024.02.02"]
[Round "5"]
[White "Gagunashvili, Merab"]
[Black "Kiladze, Luka"]
[Result "1-0"]
[WhiteElo "2562"]
[BlackElo "2179"]
[PlyCount "166"]
[EventDate "2024.01.29"]
[EventType "tourn"]
[EventRounds "9"]
[EventCountry "GEO"]
[EventCategory "9"]
[SourceTitle "CB07_2024"]
[SourceDate "2024.02.14"]
[SourceVersion "1"]
[SourceVersionDate "2024.02.14"]
[SourceQuality "1"]

1. d4 Nf6 2. c4 g6 3. g3 Bg7 4. Bg2 d6 5. Nc3 0-0 6. Nf3 Nc6 7. 0-0 e5 8. d5 Nb8 9. c5 Na6 10. cxd6 cxd6 11. Nd2 Bd7 12. b3 b5 13. Bb2 Qe7 14. a3 Rfc8 15. b4 e4 16. e3 Ng4 17. Rc1 f5 18. Qb3 Ne5 19. Ne2 Rxc1 20. Nxc1 Rc8 21. Ne2 Nc7 22. Bd4 Qf7 23. Bxa7 Nxd5 24. Bd4 Be6 25. Qd1 g5 26. f3 exf3 27. Nxf3 Nxf3+ 28. Bxf3 Nf6 29. Nc3 Bc4 30. Rf2 Qe7 31. Bxf6 Bxf6 32. Nd5 Bxd5 33. Qxd5+ Kg7 34. Qxf5 Rc1+ 35. Kg2 Qe5 36. Qd7+ Qe7 37. Qxb5 Qxe3 38. Qd7+ Qe7 39. Qxe7+ Bxe7 40. Bd5 Bf6 41. b5 Bd4 42. Rf7+ Kg6 43. Rd7 g4 44. h4 Kf5 45. Rxh7 Rg1+ 46. Kh2 Rb1 47. Rh5+ Kf6 48. a4 Rb4 49. Rh6+ Ke5 50. Rh5+ Kf6 51. Rh6+ Ke5 52. Bg2 Rxa4 53. Rg6 Rb4 54. Rxg4 Bg1+ 55. Kh3 Rb3 56. h5 Kf6 57. Bc6 Rb2 58. Rg6+ Ke7 59. Kg4 Bd4 60. Kf5 Be5 61. g4 Rb4 62. Re6+ Kf7 63. Bd5 Kf8 64. Bc6 Kf7 65. Bd5 Kf8 66. Rg6 Rxb5 67. Ke6 Ra5 68. h6 Ra7 69. Kf5 Ra5 70. Rg8+ Ke7 71. Ke4 Ra4+ 72. Kf5 Ra5 73. Bb3 Rb5 74. Ba4 Ra5 75. Bb3 Rb5 76. Ba4 Ra5 77. Bd1 Ra1 78. Bb3 Ra3 79. Rb8 Ra5 80. Rb7+ Kf8 81. Ke6 Kg8 82. g5 Ra8 83. g6 Kh8 1-0

[Event "GEO-ch 83rd"]
[Site "Tbilisi"]
[Date "2024.01.30"]
[Round "2"]
[White "Gagunashvili, Merab"]
[Black "Quparadze, Giga"]
[Result "1/2-1/2"]
[WhiteElo "2562"]
[BlackElo "2491"]
[PlyCount "78"]
[EventDate "2024.01.29"]
[EventType "tourn"]
[EventRounds "9"]
[EventCountry "GEO"]
[EventCategory "9"]
[SourceTitle "CB07_2024"]
[SourceDate "2024.02.14"]
[SourceVersion "1"]
[SourceVersionDate "2024.02.14"]
[SourceQuality "1"]

1. c4 Nf6 2. Nc3 e5 3. g3 d5 4. cxd5 Nxd5 5. Bg2 Nb6 6. d3 Be7 7. Nf3 Nc6 8. 0-0 0-0 9. a3 Be6 10. Be3 a5 11. Na4 e4 12. Ne1 exd3 13. Nxd3 Nc4 14. Bc5 Rb8 15. Rc1 b5 16. Bxc6 bxa4 17. Qxa4 Nxb2 18. Qxa5 Nxd3 19. Bxe7 Qxe7 20. exd3 Qd6 21. Rc3 Rb6 22. Rfc1 Rfb8 23. Qc5 Qxc5 24. Rxc5 Rb3 25. a4 Rxd3 26. Bb5 Ra3 27. Rxc7 Rd8 28. h4 h5 29. R7c2 Rd4 30. Re1 g5 31. hxg5 h4 32. g6 hxg3 33. gxf7+ Kxf7 34. fxg3 Rxg3+ 35. Rg2 Rxg2+ 36. Kxg2 Bd7 37. Rb1 Ke7 38. Kf3 Bxb5 39. axb5 Kd8 1/2-1/2

[Event "GEO-ch 83rd"]
[Site "Tbilisi"]
[Date "2024.01.29"]
[Round "1"]
[White "Sanikidze, Tornike"]
[Black "Gagunashvili, Merab"]
[Result "1/2-1/2"]
[WhiteElo "2449"]
[BlackElo "2562"]
[PlyCount "43"]
[EventDate "2024.01.29"]
[EventType "tourn"]
[EventRounds "9"]
[EventCountry "GEO"]
[EventCategory "9"]
[SourceTitle "CB07_2024"]
[SourceDate "2024.02.14"]
[SourceVersion "1"]
[SourceVersionDate "2024.02.14"]
[SourceQuality "1"]

1. d4 d5 2. c4 c6 3. Nf3 Nf6 4. Nc3 e6 5. Bg5 Nbd7 6. cxd5 exd5 7. e3 Be7 8. Qc2 Nh5 9. Bxe7 Qxe7 10. 0-0-0 Ndf6 11. Bd3 g6 12. Ne5 Ng4 13. Nxg4 Bxg4 14. Rde1 0-0-0 15. f3 Be6 16. Na4 Ng7 17. Nc5 Kb8 18. Kb1 Bf5 19. Re2 Bxd3 20. Qxd3 Rhe8 21. Rhe1 Ne6 22. Nxe6 1/2-1/2

[Event "GEO-ch Blitz"]
[Site "Tbilisi"]
[Date "2023.12.07"]
[Round "8"]
[White "Gagunashvili, Merab"]
[Black "Magalashvili, Davit"]
[Result "1/2-1/2"]
[WhiteElo "2562"]
[BlackElo "2417"]
[PlyCount "66"]
[EventDate "2023.12.05"]
[EventType "swiss (blitz)"]
[EventRounds "13"]
[EventCountry "GEO"]
[SourceTitle "CB50_2023"]
[SourceDate "2023.12.13"]
[SourceVersion "1"]
[SourceVersionDate "2023.12.13"]
[SourceQuality "1"]

1. d4 Nf6 2. c4 e6 3. Nf3 d5 4. Nc3 Be7 5. Bf4 0-0 6. e3 Nbd7 7. a3 c5 8. cxd5 Nxd5 9. Nxd5 exd5 10. dxc5 Nxc5 11. Be5 Bf6 12. Bxf6 Qxf6 13. Qd4 Qd6 14. Bd3 Nxd3+ 15. Qxd3 Be6 16. 0-0 Qb6 17. Qd4 Rfc8 18. Qxb6 axb6 19. Nd4 Kf8 20. f3 Ke7 21. Kf2 Rc5 22. Ke2 Rac8 23. Kd2 Kd6 24. Rfc1 Bd7 25. Rc2 Ba4 26. Rc3 Rxc3 27. bxc3 Bd7 28. Rb1 Kc5 29. Rb4 Ra8 30. Nc2 Ba4 31. Nd4 Bd7 32. Nc2 Ba4 33. Nd4 Bd7 1/2-1/2

[Event "EU-Cup 38th"]
[Site "Durres"]
[Date "2023.10.07"]
[Round "7.2"]
[White "Gagunashvili, Merab"]
[Black "Wachinger, Nikolas"]
[Result "1-0"]
[WhiteElo "2550"]
[BlackElo "2426"]
[PlyCount "79"]
[EventDate "2023.10.01"]
[EventType "team-swiss"]
[EventRounds "7"]
[EventCountry "ALB"]
[SourceTitle "EXT 2024"]
[Source "ChessBase"]
[SourceDate "2023.10.10"]
[SourceVersion "1"]
[SourceVersionDate "2023.10.10"]
[SourceQuality "1"]
[WhiteTeam "Zmaj"]
[BlackTeam "Werder Bremen"]
[WhiteTeamCountry "SRB"]
[BlackTeamCountry "GER"]

1. d4 Nf6 2. c4 e6 3. Nc3 Bb4 4. Qc2 d5 5. cxd5 exd5 6. Bg5 h6 7. Bh4 c5 8. dxc5 Be6 9. e3 0-0 10. Nf3 Nbd7 11. c6 bxc6 12. Be2 c5 13. 0-0 Re8 14. Rfd1 Bxc3 15. bxc3 g5 16. Bg3 Ne4 17. c4 Bf5 18. Bd3 dxc4 19. Qxc4 Nb6 20. Qb5 Bd7 21. Qa5 Nxg3 22. hxg3 Qe7 23. Rac1 Ba4 24. Bc2 Bc6 25. Bb3 Bxf3 26. gxf3 Rac8 27. Qb5 Qc7 28. a4 a5 29. f4 c4 30. Qxa5 gxf4 31. gxf4 Qc6 32. Bc2 Kh8 33. Qc3+ f6 34. Kh2 Re6 35. e4 Nxa4 36. Qh3 Re7 37. Bxa4 Qc7 38. Qh4 f5 39. e5 Qa7 40. Rd6 1-0

[Event "EU-Cup 38th"]
[Site "Durres"]
[Date "2023.10.06"]
[Round "6.3"]
[White "Gagunashvili, Merab"]
[Black "Erdos, Viktor"]
[Result "1/2-1/2"]
[WhiteElo "2550"]
[BlackElo "2559"]
[PlyCount "35"]
[EventDate "2023.10.01"]
[EventType "team-swiss"]
[EventRounds "7"]
[EventCountry "ALB"]
[SourceTitle "EXT 2024"]
[Source "ChessBase"]
[SourceDate "2023.10.10"]
[SourceVersion "1"]
[SourceVersionDate "2023.10.10"]
[SourceQuality "1"]
[WhiteTeam "Zmaj"]
[BlackTeam "Ljubljana Tajfun"]
[WhiteTeamCountry "SRB"]
[BlackTeamCountry "SLO"]

1. d4 Nf6 2. c4 g6 3. g3 c6 4. Bg2 d5 5. cxd5 cxd5 6. Nc3 Bg7 7. Nf3 0-0 8. 0-0 Ne4 9. Qb3 Nc6 10. Bf4 Nxc3 11. bxc3 Na5 12. Qb4 b6 13. Nd2 Bb7 14. Nb3 Nc4 15. Nd2 Na5 16. Nb3 Nc4 17. Nd2 Na5 18. Nb3 1/2-1/2

[Event "SRB-chT Premier"]
[Site "Bajina Basta"]
[Date "2023.09.24"]
[Round "7.4"]
[White "Gagunashvili, Merab"]
[Black "Tadic, Branko"]
[Result "1/2-1/2"]
[WhiteElo "2555"]
[BlackElo "2426"]
[PlyCount "129"]
[EventDate "2023.09.18"]
[EventType "team-tourn"]
[EventRounds "11"]
[EventCountry "SRB"]
[SourceTitle "EXT 2024"]
[Source "ChessBase"]
[SourceDate "2023.10.10"]
[SourceVersion "1"]
[SourceVersionDate "2023.10.10"]
[SourceQuality "1"]
[WhiteTeam "Belgrade Zmaj"]
[BlackTeam "Elemir Naftagas"]
[WhiteTeamCountry "SRB"]
[BlackTeamCountry "SRB"]

1. e4 c5 2. Nf3 Nc6 3. d4 cxd4 4. Nxd4 e5 5. Nb5 d6 6. c4 Be6 7. N1c3 a6 8. Na3 Nf6 9. Nc2 Rc8 10. b3 g6 11. Be2 Bg7 12. 0-0 0-0 13. Be3 Qa5 14. Bd2 Qd8 15. Be3 Qa5 16. Bd2 Qd8 17. Rc1 Nd4 18. Bd3 Nd7 19. Nxd4 exd4 20. Nd5 Nc5 21. Bb1 Re8 22. Qf3 b5 23. cxb5 axb5 24. Rfe1 h5 25. h3 Be5 26. Nb4 Qh4 27. Nd3 Nxd3 28. Bxd3 Bd7 29. Bf1 Rc6 30. g3 Qe7 31. a3 h4 32. g4 Kg7 33. Bg2 Rcc8 34. Qd3 g5 35. Rxc8 Rxc8 36. Rc1 Ra8 37. Ra1 Qf6 38. Ra2 Rc8 39. Rc2 Ra8 40. Ra2 Rc8 41. Rc2 Ra8 42. Bc1 Kh6 43. Bf1 Ra7 44. Kg2 Rb7 45. Qf3 Qxf3+ 46. Kxf3 Be6 47. b4 Bb3 48. Rc6 f6 49. Bd3 Kg7 50. Ke2 Kf7 51. Ra6 Ke7 52. Ra5 Ba4 53. Ra8 Kd7 54. Rh8 Ke6 55. Rh6 Rg7 56. Bd2 Kd7 57. Rh8 Kc6 58. Rc8+ Kb7 59. Rc1 Kb6 60. Rf1 Rc7 61. Rc1 Re7 62. Rc8 Kb7 63. Rc1 Kb6 64. Rc8 Kb7 65. Rc1 1/2-1/2

[Event "San Cristobal op 5th"]
[Site "San Cristobal de La Laguna"]
[Date "2023.08.30"]
[Round "6"]
[White "Gagunashvili, Merab"]
[Black "Sosa, Tomas Sebastian"]
[Result "1/2-1/2"]
[WhiteElo "2555"]
[BlackElo "2556"]
[PlyCount "50"]
[EventDate "2023.08.26"]
[EventType "swiss"]
[EventRounds "9"]
[EventCountry "ESP"]
[SourceTitle "EXT 2024"]
[Source "ChessBase"]
[SourceDate "2023.10.10"]
[SourceVersion "1"]
[SourceVersionDate "2023.10.10"]
[SourceQuality "1"]

1. d4 e6 2. e4 d5 3. Nd2 c5 4. exd5 exd5 5. Ngf3 Nc6 6. Bb5 Qe7+ 7. Qe2 Qxe2+ 8. Kxe2 cxd4 9. Nxd4 Bd7 10. N2f3 Bd6 11. Re1 Nge7 12. Kf1 0-0 13. Be3 Rfc8 14. c3 a6 15. Bd3 Na5 16. Rad1 b5 17. Bg5 Re8 18. Bh4 Nc4 19. Bxc4 bxc4 20. Ne5 Bxe5 21. Rxe5 f6 22. Re3 Ng6 23. Rxe8+ Rxe8 24. Bg3 Kf7 25. Ne2 Bf5 1/2-1/2

[Event "San Cristobal op 5th"]
[Site "San Cristobal de La Laguna"]
[Date "2023.08.28"]
[Round "4"]
[White "Gagunashvili, Merab"]
[Black "Estremera Panos, Sergio"]
[Result "1-0"]
[WhiteElo "2555"]
[BlackElo "2270"]
[PlyCount "85"]
[EventDate "2023.08.26"]
[EventType "swiss"]
[EventRounds "9"]
[EventCountry "ESP"]
[SourceTitle "EXT 2024"]
[Source "ChessBase"]
[SourceDate "2023.10.10"]
[SourceVersion "1"]
[SourceVersionDate "2023.10.10"]
[SourceQuality "1"]

1. d4 Nf6 2. c4 e6 3. Nc3 Bb4 4. Qc2 d5 5. cxd5 exd5 6. Bg5 h6 7. Bh4 0-0 8. e3 c5 9. dxc5 Be6 10. Nf3 Nbd7 11. c6 bxc6 12. Be2 c5 13. 0-0 Bxc3 14. bxc3 Qa5 15. Nd2 Rac8 16. c4 g5 17. Bg3 Nb6 18. Be5 Nfd7 19. cxd5 Bxd5 20. Bc3 Qa4 21. Qc1 Qc6 22. e4 Bxe4 23. Nxe4 Qxe4 24. Re1 c4 25. Bf3 Qf5 26. Be4 Qc5 27. Qd1 Rfe8 28. Qh5 Qf8 29. Bf5 Rcd8 30. Rxe8 Rxe8 31. h4 Nd5 32. Bxd7 Re7 33. hxg5 Nxc3 34. gxh6 Kh8 35. Qh4 f6 36. Bf5 Re5 37. Bc2 Qf7 38. Qg4 f5 39. Qg5 Kh7 40. Kf1 Qf8 41. Re1 Rxe1+ 42. Kxe1 Ne4 43. Bxe4 1-0

[Event "San Cristobal op 5th"]
[Site "San Cristobal de La Laguna"]
[Date "2023.08.27"]
[Round "2"]
[White "Gagunashvili, Merab"]
[Black "Abreu Suarez, Isauro"]
[Result "1-0"]
[WhiteElo "2555"]
[BlackElo "1962"]
[PlyCount "37"]
[EventDate "2023.08.26"]
[EventType "swiss"]
[EventRounds "9"]
[EventCountry "ESP"]
[SourceTitle "EXT 2024"]
[Source "ChessBase"]
[SourceDate "2023.10.10"]
[SourceVersion "1"]
[SourceVersionDate "2023.10.10"]
[SourceQuality "1"]

1. d4 Nf6 2. c4 c5 3. d5 b5 4. cxb5 e6 5. Nc3 exd5 6. Nxd5 Bb7 7. Nxf6+ Qxf6 8. Nf3 Be7 9. e3 0-0 10. Be2 a6 11. bxa6 Nxa6 12. Bd2 Nb4 13. Bc3 Qg6 14. Bxb4 cxb4 15. Qxd7 Bxf3 16. Bxf3 Rxa2 17. Rxa2 Qb1+ 18. Bd1 b3 19. Ra4 1-0

[Event "Timisoara Foisor Memorial Rapid"]
[Site "Timisoara"]
[Date "2023.08.06"]
[Round "5"]
[White "Gagunashvili, Merab"]
[Black "Ilinca Ilinca, Felix Antonio"]
[Result "0-1"]
[WhiteElo "2555"]
[BlackElo "2316"]
[PlyCount "56"]
[EventDate "2023.08.05"]
[EventType "swiss (rapid)"]
[EventRounds "10"]
[EventCountry "ROU"]
[SourceTitle "EXT 2024"]
[Source "ChessBase"]
[SourceDate "2023.10.10"]
[SourceVersion "1"]
[SourceVersionDate "2023.10.10"]
[SourceQuality "1"]

1. d4 Nf6 2. c4 c5 3. d5 b5 4. cxb5 a6 5. e3 axb5 6. Bxb5 Qa5+ 7. Nc3 Bb7 8. Bd2 Qb6 9. Qb3 e6 10. e4 Nxe4 11. Nxe4 Bxd5 12. Qd3 f5 13. f3 fxe4 14. fxe4 Bc6 15. Bxc6 Nxc6 16. Nf3 Be7 17. Bc3 Nb4 18. Qe2 0-0 19. a3 c4 20. Ne5 Nd3+ 21. Nxd3 cxd3 22. Qxd3 Qf2+ 23. Kd1 Qxg2 24. Re1 Bh4 25. Qd4 Bxe1 26. Bxe1 Rac8 27. Rc1 Qf3+ 28. Kd2 Qf4+ 0-1

[Event "Timisoara Foisor Memorial Rapid"]
[Site "Timisoara"]
[Date "2023.08.06"]
[Round "10"]
[White "Patrascu, Catalin Lucian"]
[Black "Gagunashvili, Merab"]
[Result "0-1"]
[WhiteElo "2279"]
[BlackElo "2555"]
[PlyCount "88"]
[EventDate "2023.08.05"]
[EventType "swiss (rapid)"]
[EventRounds "10"]
[EventCountry "ROU"]
[SourceTitle "CBM 215 Extra"]
[Source "ChessBase"]
[SourceDate "2023.09.30"]
[SourceVersion "1"]
[SourceVersionDate "2023.09.30"]
[SourceQuality "1"]

1. e4 d6 2. d4 Nf6 3. Nc3 e5 4. Nf3 Nbd7 5. Bc4 Be7 6. 0-0 0-0 7. Re1 a6 8. a4 b6 9. d5 Nh5 10. g3 g6 11. Bh6 Ng7 12. Qd2 Nf6 13. Bf1 Ng4 14. Bxg7 Kxg7 15. Bh3 h5 16. Qe2 Bd7 17. Nd2 f5 18. f3 Nh6 19. exf5 Nxf5 20. Qd3 Bg5 21. Nce4 Bh6 22. c3 Nxg3 23. Bxd7 Nxe4 24. Nxe4 Qxd7 25. Kh1 Qh3 26. Rf1 Rf7 27. Rf2 Raf8 28. Raf1 a5 29. b4 Rf4 30. bxa5 bxa5 31. Qc4 R8f7 32. Qe2 h4 33. Qd3 Qf5 34. Qc4 Qh3 35. Qe2 Qd7 36. Qb5 Qxb5 37. axb5 h3 38. c4 Rh4 39. c5 Be3 40. cxd6 Bxf2 41. dxc7 Rxc7 42. d6 Rxe4 43. fxe4 Rf7 44. Rd1 Bb6 0-1

[Event "Timisoara Foisor Memorial Rapid"]
[Site "Timisoara"]
[Date "2023.08.05"]
[Round "1"]
[White "Gagunashvili, Merab"]
[Black "Kun, Joan"]
[Result "1-0"]
[WhiteElo "2555"]
[BlackElo "1658"]
[PlyCount "35"]
[EventDate "2023.08.05"]
[EventType "swiss (rapid)"]
[EventRounds "10"]
[EventCountry "ROU"]
[SourceTitle "CBM 215 Extra"]
[Source "ChessBase"]
[SourceDate "2023.09.30"]
[SourceVersion "1"]
[SourceVersionDate "2023.09.30"]
[SourceQuality "1"]

1. d4 c6 2. c4 g6 3. e4 Bg7 4. Nc3 Na6 5. Be3 Nc7 6. Bd3 d6 7. Qd2 Bd7 8. Nge2 Ne6 9. f3 Rb8 10. 0-0 Qc8 11. Rac1 Nc7 12. b4 h5 13. c5 h4 14. cxd6 exd6 15. Bf4 Bh6 16. Bxh6 Nxh6 17. Qf4 d5 18. Qe5+ 1-0

[Event "Timisoara Foisor Memorial Rapid"]
[Site "Timisoara"]
[Date "2023.08.05"]
[Round "3"]
[White "Gagunashvili, Merab"]
[Black "Papp, Petra"]
[Result "0-1"]
[WhiteElo "2555"]
[BlackElo "2335"]
[PlyCount "110"]
[EventDate "2023.08.05"]
[EventType "swiss (rapid)"]
[EventRounds "10"]
[EventCountry "ROU"]
[SourceTitle "CBM 215 Extra"]
[Source "ChessBase"]
[SourceDate "2023.09.30"]
[SourceVersion "1"]
[SourceVersionDate "2023.09.30"]
[SourceQuality "1"]

1. d4 Nf6 2. c4 g6 3. Nf3 Bg7 4. g3 0-0 5. Bg2 d6 6. 0-0 Nc6 7. Nc3 e5 8. dxe5 dxe5 9. Bg5 h6 10. Qxd8 Rxd8 11. Bxf6 Bxf6 12. Nd5 Kg7 13. Nxc7 Rb8 14. e4 g5 15. Nd5 Be6 16. Ne1 Nd4 17. Nd3 Rbc8 18. b3 g4 19. Rad1 h5 20. Nxf6 Kxf6 21. Nb4 h4 22. gxh4 Rh8 23. Rd2 Rcg8 24. Kh1 Rxh4 25. f4 gxf3 26. Bxf3 Rf4 27. Bg2 Rxf1+ 28. Bxf1 a5 29. Rf2+ Ke7 30. Nd5+ Bxd5 31. cxd5 Rc8 32. Bc4 f5 33. exf5 Kf6 34. a4 e4 35. Rf1 Nxf5 36. d6 Rd8 37. Bd5 Ke5 38. Bxb7 Rxd6 39. Re1 e3 40. Bc8 Rd3 41. Bxf5 Kxf5 42. Kg2 Ke4 43. Re2 Rxb3 44. h4 Rb8 45. Rc2 Rg8+ 46. Kh2 Kf3 47. Rc7 Rf8 48. Kg1 Rf4 49. Re7 Rxh4 50. Rf7+ Rf4 51. Re7 Rxa4 52. Rf7+ Rf4 53. Re7 e2 54. Re8 Rg4+ 55. Kh2 Re4 0-1

[Event "Timisoara Foisor Memorial Rapid"]
[Site "Timisoara"]
[Date "2023.08.05"]
[Round "2"]
[White "Ursente, Tudor Alexandru"]
[Black "Gagunashvili, Merab"]
[Result "0-1"]
[WhiteElo "1925"]
[BlackElo "2555"]
[PlyCount "68"]
[EventDate "2023.08.05"]
[EventType "swiss (rapid)"]
[EventRounds "10"]
[EventCountry "ROU"]
[SourceTitle "CBM 215 Extra"]
[Source "ChessBase"]
[SourceDate "2023.09.30"]
[SourceVersion "1"]
[SourceVersionDate "2023.09.30"]
[SourceQuality "1"]

1. d4 d6 2. Nf3 g6 3. g3 Bg7 4. Bg2 Nd7 5. 0-0 e5 6. e4 Ne7 7. c4 exd4 8. Nxd4 0-0 9. Nc3 Nc6 10. Nxc6 bxc6 11. Qc2 Rb8 12. Rb1 Ne5 13. b3 c5 14. Bb2 Nc6 15. Qd2 Re8 16. Ne2 Bg4 17. f3 Be6 18. Bxg7 Kxg7 19. Qc3+ Qf6 20. Qd2 Qe7 21. Qc3+ f6 22. h4 Bd7 23. Rbe1 a5 24. Nf4 Qe5 25. Qe3 a4 26. Rd1 Nd4 27. Rd3 axb3 28. axb3 Bc6 29. Kh2 f5 30. Nd5 Bxd5 31. cxd5 fxe4 32. fxe4 Rf8 33. Rxf8 Rxf8 34. b4 Nc2 0-1

[Event "Belgrade Gligoric Trophy KO"]
[Site "Belgrade"]
[Date "2023.02.07"]
[Round "1.2"]
[White "Gagunashvili, Merab"]
[Black "Indjic, Aleksandar"]
[Result "1-0"]
[WhiteElo "2555"]
[BlackElo "2641"]
[PlyCount "119"]
[EventDate "2023.02.07"]
[EventType "k.o. (rapid)"]
[EventRounds "3"]
[EventCountry "SRB"]
[SourceTitle "CBM 212 Extra"]
[Source "ChessBase"]
[SourceDate "2023.03.31"]
[SourceVersion "1"]
[SourceVersionDate "2023.03.31"]
[SourceQuality "1"]

1. d4 Nf6 2. Nf3 e6 3. c4 c5 4. e3 d5 5. Nc3 a6 6. a3 Nc6 7. cxd5 exd5 8. dxc5 Bxc5 9. Be2 0-0 10. 0-0 Bg4 11. b4 Ba7 12. Bb2 Re8 13. Rc1 Rc8 14. Nd4 Bd7 15. Nxc6 Bxc6 16. Bf3 Bb8 17. Qd3 Qd6 18. g3 Rcd8 19. b5 axb5 20. Nxb5 Qe7 21. Nd4 Rc8 22. Nf5 Qe6 23. Nd4 Qd7 24. Nxc6 bxc6 25. Bxf6 gxf6 26. Rc2 f5 27. Rfc1 Be5 28. Bg2 Bg7 29. Bh3 Re5 30. Qa6 Rce8 31. Qxc6 Qd8 32. Qb7 R5e7 33. Qa6 d4 34. Rc8 Qd7 35. Qc6 Qxc6 36. R1xc6 dxe3 37. fxe3 Rxe3 38. Bxf5 Bd4 39. Kg2 Re2+ 40. Kh3 Rxc8 41. Rxc8+ Kg7 42. Rc2 Re5 43. Bd7 h5 44. a4 Kg6 45. Ra2 Bc3 46. Rc2 Bd4 47. Ra2 Bc3 48. Rc2 Ba5 49. Rb2 Re3 50. Rb5 Bd8 51. Bf5+ Kh6 52. Rd5 Bf6 53. a5 Ra3 54. Bd3 Bc3 55. a6 f6 56. Rd7 f5 57. a7 Bb4 58. Rc7 Kg5 59. Bf1 Bd6 60. Rc6 1-0

[Event "Belgrade Gligoric Trophy KO"]
[Site "Belgrade"]
[Date "2023.02.07"]
[Round "2.3"]
[White "Gagunashvili, Merab"]
[Black "Sanal, Vahap"]
[Result "0-1"]
[WhiteElo "2555"]
[BlackElo "2590"]
[PlyCount "152"]
[EventDate "2023.02.07"]
[EventType "k.o. (rapid)"]
[EventRounds "3"]
[EventCountry "SRB"]
[SourceTitle "CBM 212 Extra"]
[Source "ChessBase"]
[SourceDate "2023.03.31"]
[SourceVersion "1"]
[SourceVersionDate "2023.03.31"]
[SourceQuality "1"]

1. d4 Nf6 2. c4 e6 3. Nc3 d5 4. Bg5 c6 5. e3 Nbd7 6. Nf3 Be7 7. Bd3 h6 8. Bh4 0-0 9. 0-0 dxc4 10. Bxc4 b5 11. Bd3 Bb7 12. a3 a5 13. Qe2 Rc8 14. Bxf6 Nxf6 15. Ne4 Nxe4 16. Bxe4 Bd6 17. Rac1 Qb6 18. Ne5 Bxe5 19. dxe5 c5 20. Bxb7 Qxb7 21. Rfd1 c4 22. Qd2 b4 23. axb4 axb4 24. Qd4 Qb5 25. Rd2 Rc5 26. Rdc2 Rfc8 27. g3 Qc6 28. h4 h5 29. Qf4 c3 30. bxc3 bxc3 31. Qg5 g6 32. Qf4 Rc4 33. Qf6 Qd5 34. Qg5 Qd3 35. Qe7 Kg7 36. Qf6+ Kg8 37. Qe7 R8c7 38. Qe8+ Kg7 39. Qb5 R7c5 40. Qb8 Qe4 41. Qd6 Rc6 42. Qb8 Rc7 43. Qb5 R4c5 44. Qb3 Qxe5 45. Rd1 Qf6 46. Qb4 Rc4 47. Qb6 R7c6 48. Qb8 Rc8 49. Qb6 Qf5 50. Rdc1 Qd3 51. Qb5 R8c5 52. Qb8 Qf5 53. Qb3 Qe5 54. Rd1 Rc6 55. Rd8 Rc8 56. Rd7 R4c7 57. Rd3 Rc6 58. Rd7 Rb8 59. Qa2 Rb2 60. Qa4 Rxc2 61. Qxc2 Qf5 62. Rd3 Qxd3 63. Qxd3 c2 64. Qd4+ Kh7 65. Qd7 c1Q+ 66. Kh2 Rc7 67. Qe8 Kg7 68. Qd8 Qc3 69. Qd6 Ra7 70. Qb6 Ra2 71. Kg2 Qf6 72. e4 Rd2 73. Qe3 Qd4 74. Qf4 e5 75. Qf3 Qd3 76. Qxd3 Rxd3 0-1

[Event "Belgrade Gligoric Trophy KO"]
[Site "Belgrade"]
[Date "2023.02.07"]
[Round "1.1"]
[White "Indjic, Aleksandar"]
[Black "Gagunashvili, Merab"]
[Result "0-1"]
[WhiteElo "2641"]
[BlackElo "2555"]
[PlyCount "92"]
[EventDate "2023.02.07"]
[EventType "k.o. (rapid)"]
[EventRounds "3"]
[EventCountry "SRB"]
[SourceTitle "CBM 212 Extra"]
[Source "ChessBase"]
[SourceDate "2023.03.31"]
[SourceVersion "1"]
[SourceVersionDate "2023.03.31"]
[SourceQuality "1"]

1. e4 e5 2. Nf3 Nc6 3. Nc3 Nf6 4. d4 exd4 5. Nxd4 Bb4 6. Nxc6 bxc6 7. Bd3 d5 8. exd5 cxd5 9. 0-0 0-0 10. h3 c6 11. Qf3 Re8 12. Bg5 h6 13. Bh4 Rb8 14. Ne2 Be7 15. b3 Ne4 16. Bxe7 Qxe7 17. Bxe4 Qxe4 18. Qxe4 Rxe4 19. Rfe1 Bf5 20. f3 Ree8 21. c3 c5 22. Rad1 Rbd8 23. Kf2 Kf8 24. Nf4 Rxe1 25. Kxe1 Be6 26. c4 d4 27. Kd2 Ke7 28. Re1 Kd6 29. g4 a5 30. Nd3 a4 31. Re5 axb3 32. axb3 Rc8 33. f4 f6 34. Re1 Ra8 35. f5 Bd7 36. Rb1 Bc6 37. b4 cxb4 38. c5+ Kd5 39. Rc1 Rb8 40. Nf4+ Ke4 41. Ne6 b3 42. Re1+ Kd5 43. Kc1 b2+ 44. Kb1 d3 45. Nf4+ Kc4 46. Rd1 d2 0-1

[Event "Belgrade Gligoric Trophy KO"]
[Site "Belgrade"]
[Date "2023.02.07"]
[Round "2.1"]
[White "Sanal, Vahap"]
[Black "Gagunashvili, Merab"]
[Result "1/2-1/2"]
[WhiteElo "2590"]
[BlackElo "2555"]
[PlyCount "158"]
[EventDate "2023.02.07"]
[EventType "k.o. (rapid)"]
[EventRounds "3"]
[EventCountry "SRB"]
[SourceTitle "CBM 212 Extra"]
[Source "ChessBase"]
[SourceDate "2023.03.31"]
[SourceVersion "1"]
[SourceVersionDate "2023.03.31"]
[SourceQuality "1"]

1. e4 e5 2. Nf3 Nc6 3. Bb5 a6 4. Ba4 Nf6 5. d3 b5 6. Bb3 Bc5 7. Bg5 h6 8. Bh4 g5 9. Bg3 d6 10. c3 Bg4 11. h3 Bh5 12. Nbd2 Qe7 13. a4 0-0 14. h4 g4 15. Nh2 Qd7 16. 0-0 Bg6 17. Re1 h5 18. Nhf1 Rae8 19. axb5 axb5 20. Ne3 Ne7 21. Bc2 Bb6 22. b4 Ra8 23. Kh1 Qc6 24. Rxa8 Rxa8 25. Nb1 Kh7 26. Bb3 Qd7 27. Nd2 Qc6 28. Qc2 Qd7 29. f4 gxf3 30. Nxf3 Bxe3 31. Rxe3 Ra1+ 32. Re1 Rxe1+ 33. Bxe1 Ng4 34. Ng5+ Kg7 35. Qa2 Ng8 36. Kg1 N8f6 37. Kf1 Nh7 38. Nf3 Nhf6 39. Bd2 d5 40. exd5 Bxd3+ 41. Kg1 Be4 42. Bg5 Bxd5 43. Bxf6+ Nxf6 44. Qd2 Bxb3 45. Qg5+ Kf8 46. Qxf6 Qd1+ 47. Kh2 Qd6 48. Qxe5 Qxe5+ 49. Nxe5 Ke7 50. Kg3 Kd6 51. Kf4 Kd5 52. g4 hxg4 53. Nxg4 Ke6 54. h5 Bc2 55. h6 f6 56. Ne3 Bd3 57. Ng4 Kf7 58. Ke3 Bf5 59. Nh2 Kg6 60. Kf4 Bd7 61. Nf3 Kxh6 62. Nd2 Kg7 63. c4 bxc4 64. Nxc4 Kf7 65. Ke4 Ke6 66. Ne3 Kd6 67. Kd4 Be6 68. Ng2 Kc6 69. Nf4 Bf7 70. Nd3 Kb5 71. Kc3 Bc4 72. Nf4 c6 73. Nh5 f5 74. Nf4 Bd5 75. Nd3 Be4 76. Nf4 Kb6 77. Kd4 Kb5 78. Kc3 c5 79. bxc5 Kxc5 1/2-1/2